Reference manual for competitive examinations [NET(UGC),SLET,JRF,UPSC and other tests : (Record no. 136065)

MARC details
000 -LEADER
fixed length control field 00740nam a22002177a 4500
005 - DATE AND TIME OF LATEST TRANSACTION
control field 20170124110254.0
010 ## - LIBRARY OF CONGRESS CONTROL NUMBER
LC control number B-092619
020 ## - INTERNATIONAL STANDARD BOOK NUMBER
Terms of availability 775.00
International Standard Book Number 818858309
035 ## - SYSTEM CONTROL NUMBER
System control number B-092619
037 ## - SOURCE OF ACQUISITION
Source of stock number/acquisition Cen Lib/Ret
040 ## - CATALOGING SOURCE
Original cataloging agency DPL
Language of cataloging EN
082 ## - DEWEY DECIMAL CLASSIFICATION NUMBER
Classification number 880.8
Item number REF
110 ## - MAIN ENTRY--CORPORATE NAME
Corporate name or jurisdiction name as entry element New Delhi.Reference Press
9 (RLIN) 101281
245 ## - TITLE STATEMENT
Title Reference manual for competitive examinations [NET(UGC),SLET,JRF,UPSC and other tests :
Remainder of title english literature /
260 ## - PUBLICATION, DISTRIBUTION, ETC. (IMPRINT)
Place of publication, distribution, etc New Delhi
Name of publisher, distributor, etc Reference Press
Date of publication, distribution, etc 2003
270 ## - ADDRESS
City New Delhi
Address 4831/24, Ansari Road, Darya Ganj
Postal code 110002
300 ## - PHYSICAL DESCRIPTION
Extent vii,606p.
Dimensions 20cm(Hb)
650 ## - SUBJECT ADDED ENTRY--TOPICAL TERM
Topical term or geographic name as entry element English -- literature
9 (RLIN) 101282
650 ## - SUBJECT ADDED ENTRY--TOPICAL TERM
Topical term or geographic name as entry element Competitive guide -- JRF,SLET,UPSC
9 (RLIN) 101283
942 ## - ADDED ENTRY ELEMENTS (KOHA)
Source of classification or shelving scheme Dewey Decimal Classification
Koha item type English Books
Classification part 880.8
Call number suffix REF
Holdings
Withdrawn status Lost status Damaged status Not for loan Home library Current library Date acquired Source of acquisition Cost, normal purchase price Total Checkouts Full call number Barcode Date last seen Copy number Cost, replacement price Price effective from Koha item type
        Central Library Central Library 13/10/2015 Cen Lib/Ret 775.00   880.8 REF B-092619 13/10/2015 1 775.00 13/10/2015 English Books
        Central Library Central Library 16/12/2015 Cen Lib/Ret 775.00   880.8 REF B-092620 16/12/2015 2 775.00 15/09/2016 English Books

© Delhi Public Library
Hit Counter
free hit counter